Breu compendi D'Historia de Catalunya.

Gespeichert in:
Bibliographische Detailangaben
1. Verfasser: Oliva y Milá, Joan. Autor
Format: keine Angabe
Sprache:Spanisch
Erschienen: Vilanova y la Geltrú Oliva Impresor 1901
Ausgabe:
Katalog:MANES:  Suchergebnis im Bibliothekskatalog
Schulbuchspezifische Eigenschaften:
Tags: Tag hinzufügen
Keine Tags, Fügen Sie den ersten Tag hinzu!
Hinzugefügt zu:26.04.2016

MARC

LEADER 000000000a22000000004500
001 08777
003 OSt
008 160427s sp ||||| |||| 00| 0 spa d
041 1 |c at 
040 |c centro_manes 
691 7 |a PRI 
100 1 |a Oliva y Milá, Joan. Autor  |9 4800 
245 0 0 |a Breu compendi D'Historia de Catalunya. 
250 |a 1ª 
260 3 |a Vilanova y la Geltrú  |b Oliva Impresor  |c 1901 
300 |a 247 p.  |c 18 cm 
500 |a Llibre de lectura y estudi pera us de las Escolas de Primera Ensenyansa del Principat Catalá. 
690 0 |a HI 
942 |2 ddc  |c BK 
999 |c 14751  |d 14751 
999 |c manes:14751  |d 14751